| 000 | 00433nam a2200181Ia 4500 | ||
|---|---|---|---|
| 001 | 24713 | ||
| 005 | 20260414151101.0 | ||
| 008 | 260414t2008||||xx |||||||||||||| ||spa|| | ||
| 041 | _aESP | ||
| 082 |
_a345.726 _bH56 |
||
| 100 |
_aHinostroza Minguez, Alberto _eAUT |
||
| 245 | 0 |
_aEl recurso de apelación _b |
|
| 260 | _c2008 | ||
| 300 |
_a438 páginas : _c24 cm. |
||
| 650 | _aDER | ||
| 654 | _aCDE | ||
| 942 |
_cLIB _dJUS _fJUS _2ddc _n |
||
| 999 |
_c24713 _d24713 |
||